| 000 | 01460cam a2200409 a 4500 | ||
|---|---|---|---|
| 001 | 22291 | ||
| 003 | VRT | ||
| 005 | 20260325125035.0 | ||
| 008 | 240314s2011 xo g 000 f slo | ||
| 015 | _aSNBA2012/04-02253 | ||
| 020 |
_a9788055124414 _q(viaz.) |
||
| 035 | _aCE26C83F-E64E-4F33-B1E7-9F95229BA4C0 | ||
| 035 | _aurn:nbn:sk:snk-amjhuz | ||
| 035 | _aurn:nbn:sk:snk-am001yq2 | ||
| 039 | 9 |
_a202403140934 _bVLOAD _c202401091409 _dmsnk170 _c201808091656 _dVLOAD _c201508271354 _dVLOAD |
|
| 040 |
_aSVKBB _bslo _cSVKBB _dSNK _eAACR2 |
||
| 041 | 1 |
_aslo _heng |
|
| 044 |
_axo _cSK |
||
| 072 | 7 |
_a821.111(73)-3 _xAmerická próza _2konspekt |
|
| 080 |
_a821.111(73)-31 _22001 |
||
| 100 | 1 |
_aSamartin, Cecilia, _d1961- _4aut |
|
| 240 | 1 | 0 |
_aVigil _lSlovensky |
| 245 | 1 | 0 |
_aAnin dar _cCecilia Samartin ; [z anglického originálu preložila Gabriela Kozaróczy] |
| 250 | _a[1. vyd.] | ||
| 260 |
_aBratislava _bIkar _c2011 |
||
| 300 |
_a318 s. _c21 cm |
||
| 655 | 7 |
_aamerické romány _2SNKPH |
|
| 655 | 7 |
_aAmerican fiction _2SNKPHeng |
|
| 700 | 1 |
_aKozaróczy, Gabriela _4trl |
|
| 942 |
_2ddc _cKLDO _n0 |
||
| 949 |
_6270001000383079 _asvkbbA 131399 _bsvkbbm 718387 |
||
| 949 |
_617A0705074 _asnkSC 145813 _bsnk2011/13597 _o1287/11 |
||
| 949 |
_62889173564 _asavukPV 14875 _bsavuk2011/3019 |
||
| 949 |
_617A0717431 _asnkSC 145813 D1 _bsnk2011/18683 _o1287/11 _s6100:20140925 |
||
| 980 | _a821.111(73)-31 | ||
| 999 |
_c22291 _d22291 |
||